[Event "Olympiad Women-42"]
[Site "Baku"]
[Date "2016.09.12"]
[Round "10.4"]
[White "Lohani, Sujana"]
[Black "Manyeli, Mahlauli"]
[Result "1-0"]
[WhiteElo "1488"]
[BlackElo "1088"]
[PlyCount "89"]
[EventDate "2016.09.02"]
[EventType "team-swiss"]
[EventRounds "11"]
[EventCountry "AZE"]
[SourceTitle "CBM 174 Extra"]
[Source "ChessBase"]
[SourceDate "2016.10.10"]
[SourceVersion "1"]
[SourceVersionDate "2016.10.10"]
[SourceQuality "1"]
[WhiteTeam "Nepal (W)"]
[BlackTeam "Lesotho (W)"]
[WhiteTeamCountry "NEP"]
[BlackTeamCountry "LES"]

1. d4 d5 2. Nf3 Nf6 3. c4 dxc4 4. g3 c5 5. Qa4+ Bd7 6. Qxc4 cxd4 7. Nxd4 e5 8. Nf3 b5 9. Qb3 Bd6 10. Nc3 0-0 11. Nxb5 Be6 12. Qd1 Bb4+ 13. Bd2 Nc6 14. Nc3 e4 15. Ng5 Bf5 16. Bg2 e3 17. fxe3 Rc8 18. 0-0 Bg6 19. Be1 Ng4 20. Qxd8 Nxd8 21. Nd5 Bxe1 22. Ne7+ Kh8 23. Nxc8 Nc6 24. Rfxe1 Rxc8 25. Rac1 Nge5 26. Bxc6 Nxc6 27. Red1 h6 28. Nf3 Be4 29. Ne5 Rb8 30. Nxc6 Rxb2 31. Nd4 a5 32. Kf1 a4 33. Ke1 a3 34. Rd2 h5 35. Nf3 f6 36. Rc3 Rb5 37. Rxa3 Kh7 38. Ra7 Kg6 39. Rdd7 Bxf3 40. exf3 Rb1+ 41. Ke2 Rb6 42. Rxg7+ Kf5 43. Rgd7 Re6 44. e4+ Ke5 45. Rd5# 1-0

[Event "Olympiad Women-42"]
[Site "Baku"]
[Date "2016.09.09"]
[Round "7.4"]
[White "Manyeli, Mahlauli"]
[Black "Tsuses, Patience"]
[Result "1-0"]
[WhiteElo "1088"]
[BlackElo "1025"]
[PlyCount "121"]
[EventDate "2016.09.02"]
[EventType "team-swiss"]
[EventRounds "11"]
[EventCountry "AZE"]
[SourceTitle "CBM 174 Extra"]
[Source "ChessBase"]
[SourceDate "2016.10.10"]
[SourceVersion "1"]
[SourceVersionDate "2016.10.10"]
[SourceQuality "1"]
[WhiteTeam "Lesotho (W)"]
[BlackTeam "Namibia (W)"]
[WhiteTeamCountry "LES"]
[BlackTeamCountry "NAM"]

1. e4 e6 2. Nf3 d5 3. exd5 exd5 4. d4 Nf6 5. Bg5 Be7 6. Be2 0-0 7. 0-0 Nc6 8. c4 dxc4 9. Bxc4 Bg4 10. Qd3 Bxf3 11. Qxf3 Nxd4 12. Qh3 h6 13. Bxh6 gxh6 14. Qxh6 Nh7 15. Bd3 f5 16. Bc4+ Rf7 17. Qg6+ Kh8 18. Bxf7 Nc2 19. Nc3 Nxa1 20. Nd5 Qd6 21. Re1 Qxg6 22. Bxg6 Bf6 23. Rxa1 Bxb2 24. Rb1 Rd8 25. Rxb2 Rxd5 26. g3 b6 27. Re2 c5 28. Re7 Nf8 29. Bh5 a5 30. Be2 Ng6 31. Rb7 f4 32. Rxb6 Kh7 33. Ra6 Rd2 34. Kf1 fxg3 35. hxg3 Kg7 36. f4 Rxa2 37. Kf2 c4 38. Kf3 c3 39. Rc6 c2 40. Kg4 c1Q 41. Rxc1 Rxe2 42. Ra1 Re4 43. Rxa5 Kf7 44. Kg5 Ne7 45. f5 Ng8 46. Ra7+ Re7 47. Ra6 Re5 48. Kf4 Re8 49. g4 Ne7 50. Ra7 Kf8 51. Rd7 Ng8 52. g5 Re7 53. Rd6 Re8 54. f6 Nxf6 55. Rxf6+ Kg7 56. Kf5 Rf8 57. Rxf8 Kxf8 58. Kf6 Kg8 59. Kg6 Kh8 60. Kf7 Kh7 61. g6+ 1-0

[Event "Olympiad Women-42"]
[Site "Baku"]
[Date "2016.09.08"]
[Round "6.4"]
[White "Vongvatthana, Chananchida"]
[Black "Manyeli, Mahlauli"]
[Result "1-0"]
[WhiteElo "1594"]
[BlackElo "1088"]
[PlyCount "79"]
[EventDate "2016.09.02"]
[EventType "team-swiss"]
[EventRounds "11"]
[EventCountry "AZE"]
[SourceTitle "CBM 174 Extra"]
[Source "ChessBase"]
[SourceDate "2016.10.10"]
[SourceVersion "1"]
[SourceVersionDate "2016.10.10"]
[SourceQuality "1"]
[WhiteTeam "Thailand (W)"]
[BlackTeam "Lesotho (W)"]
[WhiteTeamCountry "THA"]
[BlackTeamCountry "LES"]

1. e4 e5 2. Nf3 Nc6 3. Bc4 Bc5 4. c3 Nf6 5. d3 0-0 6. 0-0 h6 7. h3 Na5 8. Nxe5 d6 9. Bxf7+ Rxf7 10. Nxf7 Kxf7 11. b4 Bb6 12. bxa5 Bxa5 13. Nd2 b5 14. Bb2 Kg8 15. Qb3+ Kh7 16. Qxb5 Bb6 17. Kh2 Rb8 18. Qa4 Nh5 19. Nf3 Nf4 20. Qc2 g5 21. Ng1 g4 22. g3 Qg5 23. Bc1 gxh3 24. Bxf4 Qg6 25. Qe2 Be6 26. Nxh3 Bg4 27. f3 Bxh3 28. Kxh3 Ba5 29. Qd2 h5 30. Rab1 Rg8 31. Rb5 Qe6+ 32. Kg2 c5 33. Rxa5 h4 34. Rxa7+ Kg6 35. gxh4 Kh5+ 36. Bg5 Rh8 37. Qe2 Kg6 38. f4 Qxe4+ 39. Qxe4+ Kh5 40. Qf3+ 1-0

[Event "Olympiad Women-42"]
[Site "Baku"]
[Date "2016.09.06"]
[Round "5.4"]
[White "Salim Moussa, Seydi"]
[Black "Manyeli, Mahlauli"]
[Result "1-0"]
[WhiteElo "1668"]
[BlackElo "1088"]
[PlyCount "169"]
[EventDate "2016.09.02"]
[EventType "team-swiss"]
[EventRounds "11"]
[EventCountry "AZE"]
[SourceTitle "CBM 174 Extra"]
[Source "ChessBase"]
[SourceDate "2016.10.10"]
[SourceVersion "1"]
[SourceVersionDate "2016.10.10"]
[SourceQuality "1"]
[WhiteTeam "Netherlands Antilles (W)"]
[BlackTeam "Lesotho (W)"]
[WhiteTeamCountry "AHO"]
[BlackTeamCountry "LES"]

1. e4 e5 2. Nf3 Nc6 3. Bc4 Bc5 4. c3 Nf6 5. 0-0 0-0 6. d4 exd4 7. cxd4 d5 8. exd5 Na5 9. Be2 Bd6 10. b4 Bxb4 11. Qa4 Nxd5 12. a3 Bc3 13. Nxc3 Nxc3 14. Qc2 Nxe2+ 15. Qxe2 Bg4 16. Bb2 Re8 17. Qd3 Qf6 18. Ne5 Bf5 19. Qb5 Nc6 20. Rfe1 Rad8 21. Rac1 h6 22. Nf3 Be4 23. d5 Qg6 24. Rxe4 Rxe4 25. dxc6 b6 26. Qf1 Rde8 27. Re1 Qxc6 28. Rxe4 Rxe4 29. Qd3 g5 30. h3 h5 31. Qd8+ Re8 32. Qxg5+ Qg6 33. Qxg6+ fxg6 34. Be5 c5 35. Bc7 b5 36. Ba5 c4 37. Bc3 Kh7 38. Ne5 Ra8 39. Nc6 a6 40. Nb4 a5 41. Nc6 b4 42. axb4 a4 43. Kf1 a3 44. Na5 a2 45. Ba1 Rb8 46. Nxc4 Rxb4 47. Nb2 Kg8 48. Ke2 Kf7 49. Kd3 g5 50. Kc3 Rb8 51. Kd4 Kg6 52. Ke4 Kf6 53. Nc4+ Ke6 54. Nb2 Rb4+ 55. Kd3 Kf5 56. g3 g4 57. h4 Ke6 58. Kc3 Rb8 59. Kc2 Kd5 60. Nd1 Ke4 61. Nc3+ Kf3 62. Nxa2 Ra8 63. Kb1 Kxf2 64. Be5 Re8 65. Bf4 Re2 66. Nc3 Re1+ 67. Kc2 Kg2 68. Kd2 Rf1 69. Ne4 Rf3 70. Ke2 Ra3 71. Nf6 Ra5 72. Ke3 Kh3 73. Ke4 Kg2 74. Nd7 Ra3 75. Kf5 Rxg3 76. Bxg3 Kxg3 77. Kg5 Kh3 78. Ne5 g3 79. Ng6 Kh2 80. Nf4 Kg1 81. Kxh5 Kf2 82. Kg5 Kf3 83. h5 g2 84. Nxg2 Kxg2 85. h6 1-0